[Event "Wch U12"]
[Site "Batumi"]
[Date "2016.10.26"]
[Round "7"]
[White "Davtyan, Grigor"]
[Black "Kuliyev, Emin"]
[Result "1-0"]
[WhiteElo "1691"]
[BlackElo "1517"]
[PlyCount "73"]
[EventDate "2016.10.19"]
[EventType "swiss"]
[EventRounds "11"]
[EventCountry "GEO"]
[SourceTitle "EXT 2018"]
[Source "ChessBase"]
[SourceDate "2017.10.13"]
[SourceVersion "1"]
[SourceVersionDate "2017.10.13"]
[SourceQuality "1"]

1. d4 Nf6 2. Nf3 d5 3. Nbd2 Bf5 4. g3 e6 5. Bg2 Bd6 6. 0-0 0-0 7. Nh4 Bg6 8. Nxg6 hxg6 9. c4 c6 10. e4 Be7 11. e5 Nfd7 12. cxd5 cxd5 13. h4 Nc6 14. Nf3 Rc8 15. Bg5 Qb6 16. Bxe7 Nxe7 17. Qd2 Rc6 18. h5 Rfc8 19. Qg5 Qd8 20. g4 Nf8 21. Kh2 Rc2 22. Qh4 Rxb2 23. Rh1 Rcc2 24. Raf1 gxh5 25. Kg3 Qe8 26. Qxh5 Neg6 27. Rh2 Rxa2 28. g5 Rc8 29. Rfh1 f6 30. gxf6 gxf6 31. exf6 Qd8 32. Qg5 Kf7 33. Ne5+ Nxe5 34. Rh7+ Ke8 35. Qxe5 Ra3+ 36. f3 Qb6 37. Re7+ 1-0

[Event "Wch U12"]
[Site "Batumi"]
[Date "2016.10.24"]
[Round "6"]
[White "Fecker, Noah"]
[Black "Davtyan, Grigor"]
[Result "1-0"]
[WhiteElo "1951"]
[BlackElo "1691"]
[PlyCount "95"]
[EventDate "2016.10.19"]
[EventType "swiss"]
[EventRounds "11"]
[EventCountry "GEO"]
[SourceTitle "EXT 2018"]
[Source "ChessBase"]
[SourceDate "2017.10.13"]
[SourceVersion "1"]
[SourceVersionDate "2017.10.13"]
[SourceQuality "1"]

1. e4 e6 2. d4 d5 3. Nc3 Nf6 4. Bg5 Be7 5. e5 Nfd7 6. Bxe7 Qxe7 7. f4 a6 8. Nf3 c5 9. dxc5 Nc6 10. Qd2 Nxc5 11. Bd3 Bd7 12. 0-0 0-0 13. Ne2 Nxd3 14. cxd3 Qb4 15. Rfd1 Qxd2 16. Rxd2 Rac8 17. Rc1 Nb4 18. Rxc8 Rxc8 19. a3 Nc6 20. Rc2 Na7 21. Rxc8+ Nxc8 22. Nfd4 Nb6 23. b3 Bc8 24. Kf2 Nd7 25. Ke3 Nc5 26. Nc3 Bd7 27. b4 Na4 28. Nxa4 Bxa4 29. Ne2 Kf8 30. Nc3 Bc6 31. Kd4 Ke7 32. a4 Kd8 33. b5 axb5 34. axb5 Bd7 35. Kc5 Kc7 36. b6+ Kd8 37. Kd6 Bc6 38. d4 h5 39. g3 Bd7 40. Ne2 Bb5 41. Ng1 Bd3 42. Nf3 Bg6 43. Ng5 h4 44. g4 h3 45. Nxh3 Bd3 46. Ng5 Be2 47. Nxf7+ Ke8 48. Ng5 1-0

[Event "Wch U12"]
[Site "Batumi"]
[Date "2016.10.23"]
[Round "5"]
[White "Davtyan, Grigor"]
[Black "Biletskiy, Danylo"]
[Result "1/2-1/2"]
[WhiteElo "1691"]
[BlackElo "1922"]
[PlyCount "60"]
[EventDate "2016.10.19"]
[EventType "swiss"]
[EventRounds "11"]
[EventCountry "GEO"]
[SourceTitle "EXT 2018"]
[Source "ChessBase"]
[SourceDate "2017.10.13"]
[SourceVersion "1"]
[SourceVersionDate "2017.10.13"]
[SourceQuality "1"]

1. d4 Nf6 2. Nf3 g6 3. c4 c5 4. Nc3 Bg7 5. e4 cxd4 6. Nxd4 d6 7. Be2 Nc6 8. Be3 0-0 9. 0-0 Bd7 10. Qd2 Nxd4 11. Bxd4 Qa5 12. Rfd1 Rfc8 13. Bxf6 Bxf6 14. Nd5 Qxd2 15. Nxf6+ Kg7 16. Nh5+ gxh5 17. Rxd2 Bg4 18. f3 Be6 19. b3 Rc5 20. h4 Rg8 21. Kf2 a5 22. a4 f5 23. exf5 Bxf5 24. Bd3 Bg6 25. Re1 Kf6 26. Be4 Rd8 27. Rd4 b6 28. Rd5 Rcc8 29. Ke3 Rg8 30. Kf2 Rgd8 1/2-1/2

[Event "Wch U12"]
[Site "Batumi"]
[Date "2016.10.21"]
[Round "3"]
[White "Davtyan, Grigor"]
[Black "Zomorrodian, Eilia"]
[Result "0-1"]
[WhiteElo "1691"]
[BlackElo "1987"]
[PlyCount "144"]
[EventDate "2016.10.19"]
[EventType "swiss"]
[EventRounds "11"]
[EventCountry "GEO"]
[SourceTitle "EXT 2018"]
[Source "ChessBase"]
[SourceDate "2017.10.13"]
[SourceVersion "1"]
[SourceVersionDate "2017.10.13"]
[SourceQuality "1"]

1. d4 Nf6 2. Nf3 g6 3. Bf4 Bg7 4. e3 0-0 5. Be2 d6 6. h3 Bf5 7. 0-0 c5 8. c3 Nc6 9. Nbd2 Ne4 10. Nxe4 Bxe4 11. Ng5 Bf5 12. e4 Bd7 13. Nf3 cxd4 14. cxd4 Qb6 15. d5 Ne5 16. Qd2 f5 17. Nxe5 dxe5 18. Be3 Qf6 19. Bg5 Qd6 20. Bc4 f4 21. Bxe7 Qb6 22. Bxf8 Rxf8 23. d6+ Kh8 24. a4 f3 25. Ra3 Qd8 26. Bb5 fxg2 27. Kxg2 Be6 28. d7 Qh4 29. Rd3 Bf6 30. Rd1 Bd8 31. Qe2 a6 32. Rf3 Rxf3 33. Qxf3 axb5 34. axb5 Kg7 35. Qe3 Qe7 36. Qd3 Qb4 37. Rc1 Qe7 38. Rd1 Qg5+ 39. Kh2 Qf4+ 40. Kg2 Qh4 41. Re1 Bb6 42. Re2 Bd4 43. Qf3 Bxd7 44. Re1 Bxh3+ 45. Kg1 Qg4+ 46. Qxg4 Bxg4 47. Rc1 b6 48. Kg2 Be2 49. Rc2 Bd3 50. Rc7+ Kh6 51. f3 Bxb5 52. Rc2 Kg5 53. b3 h5 54. Rc7 Be2 55. b4 h4 56. Rf7 Bc3 57. Re7 Bxb4 58. Rxe5+ Kf4 59. Re6 Bxf3+ 60. Kh2 Bxe4 61. Rxb6 Bc5 62. Rb8 Bf5 63. Rb5 Bd6 64. Rd5 Be5 65. Ra5 g5 66. Ra3 g4 67. Kg1 g3 68. Ra4+ Be4 69. Rc4 h3 70. Rxe4+ Kxe4 71. Kh1 Kf3 72. Kg1 h2+ 0-1

[Event "Wch U12"]
[Site "Batumi"]
[Date "2016.10.19"]
[Round "1"]
[White "Davtyan, Grigor"]
[Black "Dardha, Daniel"]
[Result "1-0"]
[WhiteElo "1691"]
[BlackElo "2109"]
[PlyCount "87"]
[EventDate "2016.10.19"]
[EventType "swiss"]
[EventRounds "11"]
[EventCountry "GEO"]
[SourceTitle "EXT 2018"]
[Source "ChessBase"]
[SourceDate "2017.10.13"]
[SourceVersion "1"]
[SourceVersionDate "2017.10.13"]
[SourceQuality "1"]

1. d4 Nf6 2. Nf3 e6 3. c4 d5 4. Nbd2 b6 5. g3 Bb7 6. Bg2 Nbd7 7. 0-0 g6 8. b3 Bg7 9. Ba3 c5 10. Rc1 0-0 11. cxd5 Nxd5 12. Nc4 Qb8 13. e4 N5f6 14. e5 Ne4 15. Ne1 b5 16. Na5 Nc3 17. Rxc3 Bxg2 18. Nxg2 b4 19. Rc2 bxa3 20. dxc5 Nxe5 21. Nc4 Rd8 22. Qe2 Nc6 23. Qe4 Nb4 24. Nxa3 Nxc2 25. Nxc2 Qb5 26. b4 Rac8 27. Nge3 Qa4 28. Qc4 Rd2 29. Rd1 Rxd1+ 30. Nxd1 Qd7 31. Nde3 Qd2 32. Qa6 Rc7 33. Qb5 h5 34. Qb8+ Bf8 35. Qxc7 h4 36. gxh4 f5 37. Qe5 Kf7 38. Nd4 Qxa2 39. c6 Bg7 40. Qc7+ Kg8 41. Nf3 Qb1+ 42. Kg2 Qe4 43. Qd8+ Kh7 44. c7 1-0